OECD economic surveys: Spain 2017 march 2017

Gespeichert in:
Bibliographische Detailangaben
Format: Buch
Sprache:Englisch
Veröffentlicht: Paris OECD 2017
Schriftenreihe:OECD economic surveys
Schlagworte:
Tags: Tag hinzufügen
Keine Tags, Fügen Sie das erste Tag hinzu!

MARC

LEADER 00000nam a2200000 4500
001 0231199
005 20240314123308.7
020 |a 978-92-64-27184-5 
041 0 |a eng 
044 |a FR 
245 1 0 |a OECD economic surveys: Spain 2017  |b march 2017 
264 1 |a Paris  |b OECD  |c 2017 
300 |a 134 s. 
490 1 |a OECD economic surveys 
830 0 |a OECD economic surveys 
610 2 0 |a situácia hospodárska 
610 2 0 |a oživenie 
610 2 0 |a investície 
610 2 0 |a inovácia 
610 2 0 |a financovanie 
610 2 0 |a podnikanie 
610 2 0 |a rast produktivity práce 
610 2 0 |a miesta pracovné 
610 2 0 |a kvalita 
610 2 0 |a reformy 
610 2 0 |a trh práce 
610 2 0 |a nezamestnanosť 
610 2 0 |a údaje štatistické 
610 2 0 |a Španielsko